Normal view
MARC view
- الشواورة،فيصل محمود
Entry Personal Name
001 - CONTROL NUMBER
- control field: 31622
003 - CONTROL NUMBER IDENTIFIER
- control field: JO-AjAnu
005 - DATE AND TIME OF LATEST TRANSACTION
- control field: 20230606075325.0
008 - FIXED-LENGTH DATA ELEMENTS
- fixed length control field: 230606|| aca||aabn | a|a d
040 ## - CATALOGING SOURCE
- Original cataloging agency: JO-AjAnu
- Transcribing agency: JO-AjAnu
100 ## - HEADING--PERSONAL NAME
- Personal name: الشواورة،فيصل محمود
670 ## - SOURCE DATA FOUND
- Source citation: Work cat.: (JO-AjAnu)16236: الشواورة،فيصل محمود, author, مبادىء ادارة الاعمال :من الالف الى الياء مفاهيم نظرية ومنطلقات عملية